[Event "Vancouver Intermat"]
[Site "Vancouver"]
[Date "2018.05.05"]
[Round "1.12"]
[White "Jiang, Kate Yuhua"]
[Black "Wu, Dylan"]
[Result "1-0"]
[WhiteElo "1483"]
[BlackElo "1677"]
[PlyCount "85"]
[EventDate "2018.05.05"]
[EventType "tourn"]
[EventRounds "2"]
[EventCountry "CAN"]
[SourceTitle "EXT 2022"]
[Source "ChessBase"]
[SourceDate "2021.10.06"]
[SourceVersion "1"]
[SourceVersionDate "2021.10.06"]
[SourceQuality "1"]

1. e4 e6 2. d4 d5 3. Nc3 Nf6 4. Bg5 dxe4 5. Nxe4 Be7 6. Nxf6+ Bxf6 7. Bxf6 Qxf6 8. Nf3 Nc6 9. Bb5 0-0 10. Bxc6 bxc6 11. 0-0 Rd8 12. Qe2 Rb8 13. c3 Qe7 14. Ne5 Bb7 15. Rad1 c5 16. dxc5 Qxc5 17. h3 Rd5 18. Rxd5 Qxd5 19. f4 Qc5+ 20. Kh1 Bc6 21. Rd1 Qb5 22. c4 Qb7 23. Rd3 Be4 24. Rb3 Bxg2+ 25. Qxg2 Qxg2+ 26. Kxg2 Rxb3 27. axb3 Kf8 28. Nc6 a6 29. Nb4 Ke7 30. Nxa6 Kd6 31. Kf3 Kc6 32. b4 Kb6 33. Nc5 c6 34. Ke4 Kc7 35. Ke5 h6 36. Nxe6+ fxe6 37. Kxe6 Kb6 38. Kf7 g5 39. fxg5 hxg5 40. Kg6 c5 41. bxc5+ Kxc5 42. b3 Kb4 43. Kxg5 1-0

[Event "Vancouver Intermat"]
[Site "Vancouver"]
[Date "2018.05.05"]
[Round "2.11"]
[White "Wu, Dylan"]
[Black "Xu, Andrew"]
[Result "0-1"]
[WhiteElo "1677"]
[BlackElo "1554"]
[PlyCount "122"]
[EventDate "2018.05.05"]
[EventType "tourn"]
[EventRounds "2"]
[EventCountry "CAN"]
[SourceTitle "EXT 2022"]
[Source "ChessBase"]
[SourceDate "2021.10.06"]
[SourceVersion "1"]
[SourceVersionDate "2021.10.06"]
[SourceQuality "1"]

1. d4 Nf6 2. c4 g6 3. Nc3 d5 4. cxd5 Nxd5 5. e4 Nxc3 6. bxc3 Bg7 7. Bf4 0-0 8. Nf3 c5 9. Be3 Qa5 10. Qc2 Nc6 11. Rd1 Rd8 12. d5 Bxc3+ 13. Bd2 Bxd2+ 14. Qxd2 Qxd2+ 15. Rxd2 Na5 16. Rc2 b6 17. Bb5 Bb7 18. 0-0 a6 19. Bd3 e6 20. dxe6 fxe6 21. Ne5 Nc6 22. Nxc6 Rxd3 23. Ne5 Bxe4 24. f3 Rxf3 25. Rxf3 Bxc2 26. Rc3 Be4 27. Nd7 Bc6 28. Nxb6 Rb8 29. Nc4 Bd5 30. Ne5 Rb1+ 31. Kf2 Rb2+ 32. Ke1 Rxa2 33. Rxc5 Kg7 34. Ng4 Rxg2 35. Rc7+ Kf8 36. Rc8+ Ke7 37. Rc7+ Kd6 38. Rxh7 Rxg4 39. Ra7 Ra4 40. Rg7 Be4 41. Rf7 Bf5 42. Rb7 a5 43. Rb6+ Kc5 44. Rb2 Ra1+ 45. Kd2 a4 46. Kc3 a3 47. Rf2 a2 48. Kb3 e5 49. Kb2 Rc1 50. Kxa2 Rc2+ 51. Rxc2+ Bxc2 52. Kb2 Bf5 53. Kc3 e4 54. Kd2 Kd4 55. Ke2 e3 56. Ke1 Kd3 57. Kd1 Bg4+ 58. Ke1 e2 59. h4 Bh5 60. Kf2 Kd2 61. Kg3 e1Q+ 0-1